[Event "Titled Tue 24th Jun Early"]
[Site "chess.com INT"]
[Date "2025.06.24"]
[Round "1"]
[White "Ugarte Soto, Cesar"]
[Black "Gibala, Adam"]
[Result "1/2-1/2"]
[WhiteTitle "CM"]
[BlackTitle "CM"]
[WhiteElo "2088"]
[BlackElo "2245"]
[WhiteFideId "3601331"]
[BlackFideId "21070288"]
[EventDate "2025.06.24"]

1. d4 c6 2. Bf4 d5 3. e3 Qb6 4. b3 Nf6 5. Nf3 Nh5 6. Bxb8 Rxb8 7. Bd3 Nf6 8. O-O
g6 9. h3 Bg7 10. c3 O-O 11. Nbd2 c5 12. Qe2 Nd7 13. Rfc1 e5 14. dxe5 Nxe5 15.
Nxe5 Bxe5 16. Rab1 Be6 17. c4 d4 18. Nf3 Bg7 19. exd4 cxd4 20. c5 Qd8 21. Bc4
Bf5 22. Bd3 Re8 23. Qc2 Bxd3 24. Qxd3 Qd5 25. Rd1 Qxc5 26. b4 Qc3 27. Nxd4 Qxd3
28. Rxd3 Rbd8 29. Rbd1 a6 30. Nb3 Rxd3 31. Rxd3 Re1+ 32. Kh2 Be5+ 33. g3 Re2 34.
Rd2 Rxd2 35. Nxd2 Bc3 36. Nc4 Bxb4 37. Kg2 Kf8 38. f4 Ke8 39. Kf3 Kd7 40. g4 Ke6
41. Ke4 f5+ 42. gxf5+ gxf5+ 43. Kd4 Bd6 44. Ke3 Bc7 45. Nd2 b5 46. Nf3 Bb6+ 47.
Kd3 h6 48. Nh4 Bd8 49. Nf3 Bf6 50. Nd2 Kd5 51. Nb3 h5 52. Nd2 Be7 53. Nf3 Bd6
54. Nd4 Bxf4 55. Nxf5 Bg5 56. Ng7 h4 57. Nf5 Bf6 58. Ne3+ Kc5 59. Ng4 Bg7 60.
Nf2 Kb4 61. Ne4 Ka3 62. Nc5 a5 63. Nb7 a4 64. Nd6 b4 65. Kc4 Kxa2 66. Kxb4 Bf8
67. Kxa4 Bxd6 68. Kb5 Kb3 69. Kc6 Kc4 70. Kxd6 Kd4 71. Kc6 Ke4 72. Kc5 Kf3 73.
Kd4 Kf2 74. Ke4 Kg2 75. Kf4 Kxh3 76. Kf3 Kh2 77. Kf2 h3 78. Kf1 Kh1 79. Kf2 h2
80. Kf1 1/2-1/2

[Event "Titled Tue 24th Jun Early"]
[Site "chess.com INT"]
[Date "2025.06.24"]
[Round "1"]
[White "Waldhausen Gordon, Frederick"]
[Black "Ivashentseva, Dominika"]
[Result "1-0"]
[WhiteTitle "FM"]
[BlackTitle "WCM"]
[WhiteElo "2395"]
[BlackElo "1969"]
[WhiteFideId "2409143"]
[BlackFideId "34331050"]
[EventDate "2025.06.24"]

1. Nf3 d5 2. g3 Nf6 3. Bg2 e6 4. O-O Be7 5. b3 O-O 6. Bb2 c5 7. e3 Nc6 8. d4
cxd4 9. Nxd4 Nxd4 10. Qxd4 b6 11. c4 Bb7 12. Nc3 Rb8 13. cxd5 exd5 14. Rfd1 Bc5
15. Qd3 d4 16. exd4 Bxg2 17. Kxg2 Bb4 18. d5 Rc8 19. Rac1 Bxc3 20. Rxc3 Qd6 21.
Rc4 Rxc4 22. bxc4 Rd8 23. Ba3 Qe5 24. Qd4 Qe4+ 25. Qxe4 Nxe4 26. Re1 f5 27. Bb4
a5 28. Ba3 Nd2 29. Rc1 Ne4 30. f3 Nd6 31. Bxd6 Rxd6 32. Rb1 Kf7 33. f4 Ke7 34.
Kf3 Kd7 35. Ke3 Kc7 36. Kd4 Rd8 37. Re1 Rd7 38. a4 g6 39. Re6 Rf7 40. Ke5 Kb7
41. Kd4 Rc7 42. h4 Rg7 43. Rf6 Re7 44. h5 Re4+ 45. Kd3 gxh5 46. Rxf5 Re7 47.
Rxh5 Rg7 48. Kd4 Kc7 49. Rh6 Rxg3 50. Rxh7+ Kd6 51. Rb7 Rf3 52. Rxb6+ Ke7 53.
Kc5 Rxf4 54. Rb5 Kd7 55. Rxa5 Kc7 56. Ra7+ Kb8 57. Re7 Rf1 58. a5 Ra1 59. Kb6
Rb1+ 60. Kc6 Ra1 61. Re8+ Ka7 62. d6 Ra4 63. c5 Rxa5 64. d7 Ra6+ 65. Kb5 Ra1 66.
d8=Q Rb1+ 67. Kc6 Rb6+ 68. Qxb6# 1-0

[Event "Titled Tue 24th Jun Early"]
[Site "chess.com INT"]
[Date "2025.06.24"]
[Round "1"]
[White "Sydykov, Bayastan"]
[Black "Guliev, Gasan"]
[Result "0-1"]
[WhiteTitle "FM"]
[BlackTitle "CM"]
[WhiteElo "2301"]
[BlackElo "2123"]
[WhiteFideId "13829610"]
[BlackFideId "34165638"]
[EventDate "2025.06.24"]

1. e4 c5 2. Nf3 Nc6 3. d4 cxd4 4. Nxd4 Nf6 5. Nc3 e5 6. Ndb5 d6 7. Nd5 Nxd5 8.
exd5 Ne7 9. c4 Ng6 10. Bd3 Be7 11. O-O O-O 12. Be3 a6 13. Nc3 f5 14. f3 Bg5 15.
Bf2 Bh4 16. g3 Bf6 17. Qc2 e4 18. fxe4 f4 19. e5 Bxe5 20. Bxg6 hxg6 21. Qxg6 Bh3
22. Rfe1 fxg3 23. Bxg3 Qb6+ 24. Kh1 Qxb2 25. Ne2 Bf5 26. Bxe5 Qxe5 27. Qg3 Rae8
28. Qxe5 Rxe5 29. Ng3 Rxe1+ 30. Rxe1 Bd3 31. Rc1 Rc8 32. c5 Rxc5 33. Rd1 Rxd5
34. Kg1 Bc4 35. Rb1 Rb5 36. Rd1 d5 37. Rd2 Rb1+ 38. Kf2 Ra1 39. Rd4 Rxa2+ 40.
Kf3 Rxh2 41. Nf5 Kf7 42. Nd6+ Ke6 43. Nxb7 Ke5 44. Rf4 Rf2+ 45. Kxf2 Kxf4 46.
Nc5 Ke5 47. Ke3 d4+ 48. Kd2 Kd5 49. Nd7 g5 50. Nb6+ Ke4 51. Nxc4 g4 52. Ke2 d3+
53. Kf2 Kd4 54. Ne3 g3+ 55. Kf3 d2 56. Nd1 Kd3 57. Kxg3 Ke2 58. Nc3+ Ke1 59. Kf3
d1=Q+ 60. Nxd1 Kxd1 61. Ke3 Kc2 62. Kd4 Kb3 63. Kd3 a5 64. Kd2 Kb2 65. Kd3 a4
66. Kc4 a3 67. Kb4 a2 68. Kc4 a1=Q 0-1

[Event "Titled Tue 24th Jun Early"]
[Site "chess.com INT"]
[Date "2025.06.24"]
[Round "1"]
[White "Asish Panda"]
[Black "Berg, Vadim Daskevich"]
[Result "1/2-1/2"]
[BlackTitle "IM"]
[WhiteElo "1911"]
[BlackElo "2445"]
[WhiteFideId "45012458"]
[BlackFideId "11601965"]
[EventDate "2025.06.24"]

1. e4 c5 2. Nf3 d6 3. d4 cxd4 4. Qxd4 Nc6 5. Bb5 Bd7 6. Bxc6 Bxc6 7. c4 Nf6 8.
Nc3 g6 9. Bg5 Bg7 10. O-O O-O 11. Qd3 Qa5 12. a3 a6 13. b4 Qd8 14. Rac1 b5 15.
cxb5 axb5 16. Nd4 Qb6 17. Nxc6 Qxc6 18. Nd5 Qa6 19. Nxe7+ Kh8 20. Bxf6 Bxf6 21.
Nd5 Bg7 22. Nc7 Qxa3 23. Qxa3 Rxa3 24. Nxb5 Rb3 25. Rb1 Rxb1 26. Rxb1 f5 27.
exf5 Rxf5 28. Nxd6 Rd5 29. Ne4 Rd4 30. f3 Kg8 31. b5 Kf7 32. b6 Be5 33. b7 Bb8
34. Kf1 Ke7 35. Rc1 Rb4 36. Nc5 Bd6 37. Re1+ Kf7 38. Ne4 Be7 39. Nf2 Rxb7 40.
Nd3 Bd6 41. g3 Ra7 42. Re2 Ra3 43. Rd2 Ra1+ 44. Ke2 Rh1 45. Ke3 Kf6 46. f4 g5
47. Nf2 gxf4+ 48. gxf4 Bc5+ 49. Kf3 Bxf2 50. Rxf2 Ra1 51. Kg4 Ra5 52. h4 h5+ 53.
Kg3 Ra3+ 54. Rf3 Ra2 55. Rb3 Ra5 56. Rb6+ Kf5 57. Rb3 Rc5 58. Re3 Ra5 59. Kf3
Rb5 60. Ra3 Rc5 61. Ke3 Rb5 62. Rd3 Ra5 63. Rb3 Rc5 64. Rd3 Ra5 65. Kf3 Rb5 66.
Re3 Ra5 67. Kg3 Rb5 68. Rf3 Rb4 69. Ra3 Rb5 70. Kf3 Rc5 71. Ke3 Rb5 72. Rd3 Ra5 1/2-1/2

[Event "Titled Tue 24th Jun Early"]
[Site "chess.com INT"]
[Date "2025.06.24"]
[Round "1"]
[White "Molina, Roberto Junio Brito"]
[Black "Zong, Davis"]
[Result "1-0"]
[WhiteTitle "IM"]
[BlackTitle "FM"]
[WhiteElo "2381"]
[BlackElo "2242"]
[WhiteFideId "2109450"]
[BlackFideId "30903955"]
[EventDate "2025.06.24"]

1. d4 d5 2. c4 c6 3. Nf3 Nf6 4. Nc3 e6 5. Bg5 Nbd7 6. e3 Qa5 7. Nd2 dxc4 8. Bxf6
Nxf6 9. Nxc4 Qc7 10. Rc1 Bd7 11. g3 c5 12. Bg2 Bc6 13. d5 exd5 14. Nxd5 Nxd5 15.
Bxd5 Rd8 16. e4 Be7 17. O-O O-O 18. Qf3 Bxd5 19. exd5 b5 20. Ne3 g6 21. Rc2 Qb6
22. Rd1 Bf6 23. b3 Bd4 24. Ng2 Rfe8 25. Nf4 Qd6 26. h4 h5 27. Kg2 Be5 28. Nd3
Qxd5 29. Qxd5 Rxd5 30. Rxc5 Red8 31. Rxd5 Rxd5 32. Kf3 f5 33. Ke2 Kf7 34. Rc1
Bd6 35. Rc6 a5 36. Ra6 b4 37. Nb2 Re5+ 38. Kf1 Rd5 39. Nc4 Bc7 40. Ra7 Rc5 41.
Nxa5 Rxa5 42. Rxc7+ Kf6 43. Rc2 Ke5 44. Ke2 Kd4 45. Rc4+ Ke5 46. Rxb4 Rxa2+ 47.
Ke3 Ra1 48. Rb6 Rb1 49. Kf3 Rb2 50. Kg2 f4 51. Rb5+ Ke4 52. Rb4+ Ke5 53. gxf4+
Kf5 54. Kg3 Rc2 55. Rb5+ Kf6 56. b4 Rc3+ 57. f3 Rb3 58. Rb8 Kf5 59. b5 Kf6 60.
b6 Rb5 61. Kf2 Rb2+ 62. Ke3 Rb3+ 63. Ke4 Rb5 64. Kd4 Kf5 65. Kc4 Rb1 66. Rf8+
Ke6 67. Kc5 Rc1+ 68. Kb5 Rb1+ 69. Kc6 Rc1+ 70. Kb7 Rb1 71. Kc7 Rc1+ 72. Kb8 Rb1
73. b7 Rb2 74. Rc8 Kf5 75. Rc4 Rb1 76. Kc7 Rb2 1-0

[Event "Titled Tue 24th Jun Early"]
[Site "chess.com INT"]
[Date "2025.06.24"]
[Round "1"]
[White "Ivannikov, Maksim"]
[Black "Levano Loayza, Adriano Jaffet"]
[Result "1/2-1/2"]
[WhiteTitle "CM"]
[BlackTitle "CM"]
[WhiteElo "2184"]
[BlackElo "2023"]
[WhiteFideId "34275339"]
[BlackFideId "3865584"]
[EventDate "2025.06.24"]

1. e4 c5 2. Nf3 d6 3. d4 cxd4 4. Nxd4 Nf6 5. Nc3 Nc6 6. Nxc6 bxc6 7. Bd3 g6 8.
O-O Bg7 9. Kh1 O-O 10. f4 Qb6 11. Rb1 a5 12. Qe2 Nd7 13. Be3 Qc7 14. Qf2 Ba6 15.
Bd4 Bxd4 16. Qxd4 Qa7 17. Qa4 Bxd3 18. cxd3 Qe3 19. Qc2 Nc5 20. Rf3 Qd4 21. Ne2
Qb4 22. d4 Ne6 23. Rd1 Rab8 24. Rb3 Qa4 25. f5 Qxa2 26. Rxb8 Rxb8 27. fxe6 Rxb2
28. exf7+ Kxf7 29. Rf1+ Kg7 30. Qxc6 Rxe2 31. Qe8 Rf2 32. Qxe7+ Qf7 33. Qxf7+
Rxf7 34. Ra1 Ra7 35. Kg1 Kf6 36. Kf2 Ke6 37. Ke3 a4 38. Kd3 d5 39. e5 Kf5 40. h3
h5 41. g3 g5 42. Rf1+ Kg6 43. Kc3 Rb7 44. g4 Rb3+ 45. Kc2 Rxh3 46. Rf6+ Kg7 47.
gxh5 Rxh5 48. Ra6 Rh2+ 49. Kc3 Rh3+ 50. Kb4 a3 51. Ra7+ Kg6 52. Kc5 Re3 53. Kd6
g4 54. e6 g3 55. Ra8 a2 56. Rxa2 Kf6 57. Rg2 Rxe6+ 58. Kxd5 Re3 59. Kc6 Kf5 60.
d5 Ke5 61. d6 Rc3+ 62. Kd7 Rd3 63. Ke7 Rxd6 64. Re2+ Kf4 65. Kxd6 Kf3 66. Re8 g2
67. Rf8+ Ke2 68. Rg8 Kf2 69. Ke5 g1=Q 70. Rxg1 Kxg1 1/2-1/2

[Event "Titled Tue 24th Jun Early"]
[Site "chess.com INT"]
[Date "2025.06.24"]
[Round "1"]
[White "Lesueur, Gabriel"]
[Black "Tan, Zhongyi"]
[Result "1-0"]
[WhiteTitle "FM"]
[BlackTitle "GM"]
[WhiteElo "2278"]
[BlackElo "2546"]
[WhiteFideId "45186359"]
[BlackFideId "8603642"]
[EventDate "2025.06.24"]

1. d4 d5 2. Nf3 e6 3. e3 c5 4. c4 Nf6 5. Nc3 a6 6. cxd5 exd5 7. b3 cxd4 8. Nxd4
Bb4 9. Bd2 Nc6 10. Nxc6 bxc6 11. a3 Bd6 12. Bd3 O-O 13. h3 Qe7 14. Ne2 Bxa3 15.
O-O Bd6 16. Qc2 Bb7 17. Nd4 Be5 18. Bc3 g6 19. Rfe1 c5 20. Nf3 Bxc3 21. Qxc3
Rfc8 22. Ra5 Qd6 23. Qe5 Qxe5 24. Nxe5 Rc7 25. Rc1 Re8 26. f4 Rec8 27. Bxa6 Ra8
28. Rca1 Bxa6 29. Rxa6 Rxa6 30. Rxa6 Ne4 31. Ra8+ Kg7 32. Rd8 c4 33. bxc4 dxc4
34. Rd4 c3 35. Rxe4 c2 36. Nd3 Rc3 37. Nc1 Ra3 38. Rc4 Rxe3 39. Rxc2 h5 40. Ne2
h4 41. Kf2 Ra3 42. Rc4 Kf6 43. Re4 Ra2 44. Re3 Kf5 45. Kf3 Kf6 46. Rb3 Kg7 47.
Rb5 Kh6 48. Nd4 Ra3+ 49. Kf2 Ra2+ 50. Kf3 Ra3+ 51. Kf2 Ra2+ 52. Ne2 f6 53. Kf3
g5 54. fxg5+ fxg5 55. Nd4 Ra3+ 56. Kf2 Ra2+ 57. Kg1 Kg6 58. Nf3 Ra1+ 59. Kh2 Kf6
60. Rxg5 Ra3 61. Rg4 Kf5 62. Rxh4 Rc3 63. Rg4 Ra3 64. Kg3 Ra2 65. h4 Ra3 66. h5
Ra6 67. Rh4 Kf6 68. Kg4 Ra8 69. h6 Rg8+ 70. Kh3 Kg6 71. g4 Kh7 72. Kg3 Ra8 73.
g5 Ra1 74. Rf4 Ra3 75. Rf7+ Kg6 76. Rg7+ Kf5 77. h7 1-0

[Event "Titled Tue 24th Jun Early"]
[Site "chess.com INT"]
[Date "2025.06.24"]
[Round "1"]
[White "Evdokimov, Alexey"]
[Black "Mangialardo, Tiago Carvalho"]
[Result "0-1"]
[WhiteTitle "FM"]
[WhiteElo "2205"]
[BlackElo "1979"]
[WhiteFideId "24162450"]
[BlackFideId "2130718"]
[EventDate "2025.06.24"]

1. d4 d5 2. c4 c6 3. Nc3 Nf6 4. Nf3 e6 5. e3 Bd6 6. Bd3 dxc4 7. Bxc4 O-O 8. O-O
Nbd7 9. a3 e5 10. b4 e4 11. Nd2 Re8 12. Re1 Nb6 13. Be2 Bc7 14. Bb2 Qd6 15. Nf1
Be6 16. Rc1 Bc4 17. Na4 Bxe2 18. Rxe2 Nxa4 19. Qxa4 Ng4 20. h3 Nh2 21. Ng3 h5
22. h4 Nf3+ 23. gxf3 exf3 24. Ree1 Qg6 25. Kf1 Bxg3 26. fxg3 Qxg3 27. Qc2 Re6
28. Red1 f2 29. Qxf2 Rf6 30. Qxf6 gxf6 31. Ke2 Qg2+ 32. Kd3 Qxb2 33. Rg1+ Kf8
34. Rc3 Re8 35. Rg3 Qb1+ 36. Kd2 Qb2+ 37. Kd3 Qb1+ 38. Kd2 Qf1 39. e4 Qf2+ 40.
Kc1 Rxe4 41. Rgd3 Re1+ 42. Rd1 Qf1 43. Rd3 Rxd1+ 44. Rxd1 Qc4+ 45. Kb2 Ke7 46.
Re1+ Kd6 47. Rd1 Qd5 48. Rd3 Qg2+ 49. Kc3 Qf1 50. Re3 Qf2 51. Rh3 Qg2 52. Rd3
Qg4 53. Kb3 Qxh4 54. d5 cxd5 55. Rd1 Qe4 56. Rf1 Qc4+ 57. Ka4 Qxf1 58. b5 Qc4+
59. Ka5 b6+ 60. Ka6 Qa4+ 61. Kb7 Qxb5 62. Kb8 a5 63. Kb7 Qd7+ 64. Ka6 b5 65.
Kxa5 Qc6 66. Kb4 Qc4+ 67. Ka5 Qa4+ 68. Kb6 d4 69. Kb7 Qa5 70. Kb8 Qb6+ 71. Ka8
Kc7 72. a4 Qb7# 0-1

[Event "Titled Tue 24th Jun Early"]
[Site "chess.com INT"]
[Date "2025.06.24"]
[Round "1"]
[White "Ter-Sahakyan, Samvel"]
[Black "Harriott, Tyrell"]
[Result "1-0"]
[WhiteTitle "GM"]
[WhiteElo "2611"]
[BlackElo "1924"]
[WhiteFideId "13302531"]
[BlackFideId "2086484"]
[EventDate "2025.06.24"]

1. d4 d6 2. e4 Nf6 3. Bd3 Nbd7 4. c3 e5 5. f4 c6 6. Nf3 Be7 7. O-O O-O 8. Bc2
Qc7 9. Kh1 Re8 10. Nbd2 exf4 11. a4 Bf8 12. Qe2 Nh5 13. Nc4 Ndf6 14. e5 Ng4 15.
Qd3 g6 16. Qd1 Be6 17. exd6 Bxd6 18. Nxd6 Qxd6 19. Ng5 Ne3 20. Bxe3 fxe3 21.
Nxe6 Qxe6 22. Bb3 e2 23. Bxe6 exd1=Q 24. Bxf7+ Kg7 25. Raxd1 Rf8 26. Bc4 Rae8
27. Rxf8 Rxf8 28. Kg1 Kh6 29. Re1 b5 30. axb5 cxb5 31. Bxb5 Rb8 32. c4 a6 33.
Bxa6 Rxb2 34. c5 Nf4 35. Bf1 Rd2 36. Rc1 Ne6 37. c6 Nc7 38. Rc4 Kg5 39. Ra4 Rc2
40. Bc4 Kf4 41. h4 Kg3 42. Ra3+ Kf4 43. Rf3+ Kg4 44. Rf7 Rxc4 45. Rxc7 Kg3 46.
Kf1 Rxd4 47. Rxh7 Rc4 48. c7 Kf4 49. Ke2 Ke4 50. Kd2 Ke5 51. Kd3 Rc1 52. g4 Ke6
53. Ke4 Rc4+ 54. Kf3 Ke5 55. Rf7 Rc3+ 56. Ke2 Rc4 57. h5 gxh5 58. gxh5 Ke6 59.
Rg7 Kf6 60. h6 Rc5 61. Kd3 Rc1 62. Kd4 Rd1+ 63. Kc5 Rc1+ 64. Kb6 Rb1+ 65. Ka7
Ra1+ 66. Kb8 Rb1+ 67. Kc8 Rd1 68. Rg2 Kf7 69. h7 Rh1 70. Rb2 Ke6 71. Kb8 Kd6 72.
c8=Q Rxh7 73. Rb6+ Kd5 74. Qe6+ Kd4 75. Rd6+ Kc5 76. Qd5+ Kb4 77. Rb6+ Kc3 78.
Rb3+ Kc2 79. Qd3+ 1-0

[Event "Titled Tue 24th Jun Early"]
[Site "chess.com INT"]
[Date "2025.06.24"]
[Round "1"]
[White "Klepek, Witold"]
[Black "Gasparyan, Erik R."]
[Result "0-1"]
[WhiteTitle "CM"]
[BlackTitle "IM"]
[WhiteElo "2253"]
[BlackElo "2372"]
[WhiteFideId "1175068"]
[BlackFideId "13315730"]
[EventDate "2025.06.24"]

1. c4 e6 2. g3 Nf6 3. Nf3 d5 4. Bg2 Be7 5. d4 O-O 6. O-O b6 7. cxd5 exd5 8. Nc3
Bb7 9. Ne5 c6 10. Bf4 Nbd7 11. Qd3 Nxe5 12. Bxe5 Qd7 13. Rab1 a5 14. Rfc1 Rfe8
15. Na4 Qd8 16. a3 Nd7 17. Bf4 b5 18. Nc5 Nxc5 19. dxc5 Bf6 20. b4 axb4 21. axb4
Bc8 22. Bd2 g6 23. e4 dxe4 24. Qxd8 Bxd8 25. Ra1 Rxa1 26. Rxa1 f5 27. Ra7 Be6
28. Bf4 Bd5 29. Ra8 Kf7 30. h4 Bf6 31. Ra7+ Re7 32. Ra8 Bc3 33. Bd6 Rd7 34. h5
Bxb4 35. Rh8 Kf6 36. h6 Bd2 37. Rf8+ Rf7 38. g4 Rxf8 39. Bxf8 fxg4 40. Bg7+ Kf5
41. Kf1 b4 42. Ke2 Bc3 43. Ke3 Be5 44. Kd2 b3 45. Kc1 b2+ 46. Kb1 Bc4 47. Bxe5
Kxe5 48. Kxb2 Kd4 49. Kc2 Bd5 50. Kd2 g5 51. Ke2 Kxc5 52. Ke3 Kd6 53. Bf1 Ke5
54. Be2 Be6 55. Bd1 c5 56. Bc2 Bd5 57. Ba4 c4 58. Bd7 Be6 59. Bc6 c3 60. Bxe4
Bf5 61. Bb7 c2 62. Kd2 Kf6 63. Ba6 Kg6 64. Bc4 Kxh6 65. Bb3 Kg6 66. Bxc2 Bxc2
67. Kxc2 h5 68. Kd3 Kf5 69. Ke2 Kf4 70. Kf1 Kf3 71. Kg1 h4 72. Kf1 h3 73. Kg1 g3
74. Kf1 g4 75. Kg1 gxf2+ 76. Kh2 f1=N+ 77. Kh1 Ne3 78. Kh2 g3+ 79. Kh1 g2+ 80.
Kg1 Nf5 81. Kh2 Kf2 82. Kxh3 Nh4 83. Kxh4 g1=Q 84. Kh3 Qg3# 0-1

[Event "Titled Tue 24th Jun Early"]
[Site "chess.com INT"]
[Date "2025.06.24"]
[Round "1"]
[White "Mishra, Manoj"]
[Black "Povshednyi, Ivan"]
[Result "0-1"]
[WhiteTitle "CM"]
[BlackTitle "FM"]
[WhiteElo "1941"]
[BlackElo "2309"]
[WhiteFideId "5006007"]
[BlackFideId "14190907"]
[EventDate "2025.06.24"]

1. d4 Nf6 2. Nc3 d5 3. Bf4 a6 4. e3 b5 5. Nf3 e6 6. Ne5 c5 7. Be2 Bb7 8. O-O Nc6
9. g4 Be7 10. g5 Nd7 11. Nxc6 Bxc6 12. h4 O-O 13. Bg4 Nb6 14. Ne2 Bd6 15. c3
Bxf4 16. Nxf4 Qe7 17. Nd3 Nd7 18. f4 b4 19. Ne5 Bb5 20. Rf2 bxc3 21. bxc3 cxd4
22. cxd4 Nxe5 23. fxe5 Rac8 24. Be2 Rc3 25. Bxb5 axb5 26. Qd2 Qa3 27. Rf3 Rfc8
28. Raf1 Rc2 29. Qe1 Rc1 30. Qf2 Rxf1+ 31. Kxf1 Qc1+ 32. Qe1 g6 33. Qxc1 Rxc1+
34. Kg2 Rc3 35. Kg3 Ra3 36. e4 Rxa2 37. exd5 exd5 38. Rb3 Rd2 39. Rb4 Kg7 40.
Kf3 Rd3+ 41. Ke2 Rh3 42. Rxb5 Rxh4 43. Rxd5 Rg4 44. Rd7 Kf8 45. Kf3 Rxg5 46. Kf4
Rf5+ 47. Ke4 Rf1 48. d5 h5 49. e6 Re1+ 50. Kf4 fxe6 51. d6 Ke8 52. Re7+ Kd8 53.
Rg7 e5+ 54. Kg5 Rf1 55. Kh6 Rf6 56. Re7 Rxd6 57. Rxe5 Kd7 58. Kg5 Re6 59. Rd5+
Ke7 60. Rb5 Kf7 61. Rb7+ Re7 62. Rb6 Re5+ 63. Kh6 Re6 64. Rb7+ Kf6 65. Rb5 h4
66. Rb4 Re8 67. Rb6+ Re6 68. Rb4 g5 69. Kh5 Kf5 70. Rb1 Re4 71. Rf1+ Rf4 72. Rb1
h3 73. Rb5+ Kf6 74. Rxg5 Rf5 75. Kh4 Rxg5 76. Kxh3 Kf5 77. Kh2 Kf4 78. Kh3 Rg4
79. Kh2 Kf3 80. Kh1 Kf2 81. Kh2 Rh4# 0-1

[Event "Titled Tue 24th Jun Early"]
[Site "chess.com INT"]
[Date "2025.06.24"]
[Round "1"]
[White "Manvelyan, Mikayel"]
[Black "Genkeswaran, Genivan"]
[Result "1-0"]
[WhiteTitle "FM"]
[BlackTitle "CM"]
[WhiteElo "2362"]
[BlackElo "2124"]
[WhiteFideId "13310143"]
[BlackFideId "5754496"]
[EventDate "2025.06.24"]

1. e4 b6 2. d4 Bb7 3. Nc3 e6 4. Bd3 c5 5. Nf3 d5 6. exd5 exd5 7. O-O c4 8. Re1+
Be7 9. Bf1 Nf6 10. b3 O-O 11. bxc4 dxc4 12. Bxc4 Nc6 13. Bf4 Rc8 14. Bb3 Bd6 15.
Bxd6 Qxd6 16. d5 Nb4 17. Nb5 Qc5 18. Nxa7 Rcd8 19. c4 Ba6 20. Qd4 Rd7 21. Qxc5
bxc5 22. Nc6 Nxc6 23. dxc6 Rc7 24. Ne5 Bc8 25. Rad1 Be6 26. Ba4 g6 27. Nd7 Nxd7
28. cxd7 Rd8 29. Bb5 Kf8 30. a4 Ke7 31. a5 Ra8 32. a6 Rd8 33. f4 h5 34. Kf2 h4
35. g3 hxg3+ 36. hxg3 Kf6 37. Rd6 Ke7 38. Rb6 Ra7 39. Re5 Rda8 40. Rxc5 Kd8 41.
Rb7 Bxd7 42. Rd5 Rxb7 43. axb7 Ra2+ 44. Ke3 Kc7 45. Rxd7+ Kb8 46. Rd8+ Kxb7 47.
Re8 Kc7 48. Kd3 Kb6 49. Re7 Kc5 50. Kc3 Ra3+ 51. Kb2 Rxg3 52. Rxf7 Rf3 53. Rf6
Kb4 54. Kc2 Rf2+ 55. Kd3 Kc5 56. Ke3 Rf1 57. Rc6+ Kb4 58. Rxg6 Re1+ 59. Kf3 Rf1+
60. Ke4 Re1+ 61. Kf5 Kc5 62. Rg5 Kd6 63. Kg6 Ke7 64. f5 Kf8 65. Rg4 Rf1 66. f6
Rc1 67. Kg5 Kf7 68. Re4 1-0

[Event "Titled Tue 24th Jun Early"]
[Site "chess.com INT"]
[Date "2025.06.24"]
[Round "1"]
[White "Mikhalsky, Vladimir"]
[Black "Iskusnyh, Sergei"]
[Result "1-0"]
[BlackTitle "GM"]
[WhiteElo "2219"]
[BlackElo "2440"]
[WhiteFideId "14144352"]
[BlackFideId "4120027"]
[EventDate "2025.06.24"]

1. c4 c5 2. Nf3 g6 3. d4 cxd4 4. Nxd4 Nc6 5. Nc2 Bg7 6. Nc3 d6 7. e4 Be6 8. Be3
Rc8 9. Qd2 Qa5 10. Nd4 Nxd4 11. Bxd4 Bxd4 12. Qxd4 Nf6 13. Be2 Qb4 14. O-O O-O
15. b3 a6 16. a3 Qc5 17. Qxc5 Rxc5 18. Na4 Rc7 19. f3 Nd7 20. Rfc1 Rfc8 21. Rcb1
Rb8 22. Kf2 b5 23. Nb2 bxc4 24. Nxc4 Nc5 25. Na5 Nxb3 26. Bxa6 Ra7 27. Nxb3 Rxa6
28. Nd4 Rba8 29. Nxe6 fxe6 30. Rb7 Kf7 31. Rb3 Rc6 32. Kg3 Ra4 33. Rb4 Ra5 34.
a4 Rcc5 35. h4 Kf6 36. Rab1 h5 37. Kf4 g5+ 38. hxg5+ Rxg5 39. g3 Rgc5 40. Rh1
Rc3 41. g4 e5+ 42. Kg3 h4+ 43. Rxh4 Ra3 44. Rh6+ Kf7 45. Rh7+ Ke6 46. Rh6+ Kf7
47. Rh7+ Kf6 48. Rh8 R5xa4 49. Rxa4 Rxa4 50. Rf8+ Kg7 51. Re8 Kf7 52. Rh8 Ra1
53. Rh7+ Kf6 54. Rh6+ Kg7 55. Rh5 Rg1+ 56. Kf2 Rb1 57. Rg5+ Kf6 58. Rf5+ Kg6 59.
Rf8 Rb2+ 60. Kg3 Rb1 61. Kf2 Ra1 62. Ke3 Ra3+ 63. Ke2 Ra2+ 64. Ke3 Ra3+ 65. Ke2
Ra1 66. Ke3 Rb1 67. Ke2 Rb3 68. Rg8+ Kf7 69. Rc8 Kf6 70. Rf8+ Ke6 71. Rh8 Kf7
72. Rh7+ Kf6 73. Rh8 Kg5 74. Re8 Kf4 75. Rf8+ Kg5 76. Rf7 e6 77. Rg7+ Kf6 78.
Rg8 d5 79. exd5 exd5 80. Rd8 d4 81. Kf2 Kg5 82. Rd7 1-0

[Event "Titled Tue 24th Jun Early"]
[Site "chess.com INT"]
[Date "2025.06.24"]
[Round "1"]
[White "Ganzhurov, Roman"]
[Black "McDonald, Jhustice-Dimonte"]
[Result "1-0"]
[WhiteTitle "FM"]
[BlackTitle "CM"]
[WhiteElo "2082"]
[BlackElo "2032"]
[WhiteFideId "4179501"]
[BlackFideId "7402481"]
[EventDate "2025.06.24"]

1. d4 b6 2. c4 Nf6 3. Bg5 Bb7 4. f3 h6 5. Bh4 g5 6. Bf2 Bg7 7. e4 d6 8. Nc3 Nbd7
9. Bd3 e5 10. d5 Nc5 11. Nge2 a5 12. O-O Bc8 13. a3 Bd7 14. Bc2 O-O 15. b4 axb4
16. axb4 Na6 17. Rb1 Nh5 18. Qd2 Nf4 19. Ng3 Qf6 20. Nf5 Bxf5 21. exf5 Rfe8 22.
Ne4 Qd8 23. Be3 Nb8 24. g3 Nh5 25. Ra1 Nd7 26. Ba4 Qe7 27. Bc6 Rxa1 28. Rxa1 Rb8
29. Ra7 Ndf6 30. Qe2 Qd8 31. Bf2 Qc8 32. Nxf6+ Nxf6 33. g4 Qd8 34. h4 Nh7 35.
hxg5 Nxg5 36. Be3 Nh3+ 37. Kg2 Nf4+ 38. Bxf4 exf4 39. Ra2 Qh4 40. Qf2 Qf6 41.
Re2 Kh7 42. Re4 Qg5 43. Qd2 Be5 44. Qe1 Rg8 45. Kf2 Qh4+ 46. Ke2 Qh3 47. Qf2 Qh1
48. Qf1 Qh2+ 49. Qf2 Qh1 50. Kd3 Qb1+ 51. Qc2 Qxb4 52. Ke2 Qc5 53. Kf1 h5 54.
Rxe5 dxe5 55. f6+ Kh6 56. Qf5 Rg5 57. Qc8 Qxc4+ 58. Ke1 Qc3+ 59. Ke2 Qc2+ 60.
Ke1 Qc1+ 61. Ke2 Qe3+ 62. Kd1 Qd3+ 63. Kc1 Qc3+ 64. Kb1 Qb3+ 65. Kc1 Qc3+ 66.
Kb1 Qe1+ 67. Kb2 Qd2+ 68. Kb1 Qb4+ 69. Kc2 Qc4+ 70. Kb2 Qb4+ 71. Ka2 Qc4+ 72.
Ka3 Qc3+ 73. Ka4 Qa5+ 74. Kb3 Kg6 75. gxh5+ Kxf6 76. Qh8+ Ke7 77. Qh6 Kd8 78.
Qxg5+ Kc8 79. Qxe5 Kb8 80. Qe8+ Ka7 81. Qa8# 1-0

[Event "Titled Tue 24th Jun Early"]
[Site "chess.com INT"]
[Date "2025.06.24"]
[Round "1"]
[White "Arnav, Maheshwari"]
[Black "Zmijanac, Dusko"]
[Result "1/2-1/2"]
[WhiteTitle "FM"]
[BlackTitle "FM"]
[WhiteElo "2295"]
[BlackElo "2007"]
[WhiteFideId "25660357"]
[BlackFideId "908762"]
[EventDate "2025.06.24"]

1. e4 Nf6 2. Nc3 d5 3. exd5 Nxd5 4. Bc4 Nb6 5. Bb3 Nc6 6. Nf3 Bf5 7. d3 e6 8.
O-O Be7 9. Re1 O-O 10. Bf4 a5 11. a3 a4 12. Ba2 Re8 13. h3 Bg6 14. Ne4 Nd5 15.
Bh2 b5 16. c4 bxc4 17. dxc4 Nb6 18. Qe2 Qc8 19. Red1 Qb7 20. Qe3 Na5 21. Ned2
Rad8 22. Ne5 Bf6 23. Qc5 Bxe5 24. Qxe5 Rxd2 25. Rxd2 Naxc4 26. Qxc7 Qxc7 27.
Bxc7 Nxd2 28. Bxb6 Rb8 29. Bd4 Nb3 30. Bxb3 Rxb3 31. Rc1 h6 32. Rc8+ Kh7 33. Bc3
Rb5 34. Rc4 Bc2 35. Rc7 Kg6 36. Bxg7 Bb3 37. Bc3 Rd5 38. Rc8 e5 39. g4 f6 40.
Rg8+ Kf7 41. Rh8 Kg7 42. Rc8 Rd3 43. Kh2 Rd1 44. Rc7+ Kg6 45. Rc6 Kf7 46. Rc8
Kg6 47. h4 h5 48. gxh5+ Kxh5 49. Kg3 Rd3+ 50. f3 Kg6 51. Kf2 Bd5 52. f4 exf4 53.
Rd8 Be4 54. Rxd3 Bxd3 55. Kf3 Kf5 56. h5 Kg5 57. h6 Kxh6 58. Bxf6 Bc2 59. Be5
Kg6 60. Bxf4 Kf6 61. Bd2 Ke6 62. Bc3 Kd5 63. Ke3 Kc4 64. Kd2 Bb3 65. Ke3 Kd5 66.
Kd3 Ba2 67. Bd2 Bb3 68. Kc3 Kc5 69. Be1 Kb5 70. Bf2 Bd1 71. Kd4 Bb3 72. Be1 Bd1
73. Bc3 Bb3 74. Ke5 Bd1 75. Kd6 Kc4 76. Kc6 Kb3 77. Kb5 Bc2 78. Kc5 Bd1 79. Kd4
Bc2 80. Ke5 Bd1 81. Kf4 Kc4 82. Ke3 Bb3 83. Kd2 Kd5 84. Kd3 Kc5 85. Bb4+ Kb5 86.
Kc3 Bd1 87. Kd2 Bb3 88. Kd3 Bd1 89. Kd4 Bb3 90. Ke4 Kc4 91. Ke3 Bd1 92. Kd2 Bb3
93. Kc1 Kd3 94. Bc3 Ke3 95. Bb4 Kd3 96. Bc3 Ke3 97. Bd2+ Kd3 98. Bh6 Bc4 99. b4
axb3 100. Kb2 Bb5 101. Kxb3 Bc6 102. Kb4 Bh1 103. a4 Kd4 104. a5 Ke5 105. Kc5
Ke6 106. Kb6 Kd7 107. a6 Kc8 108. Bf4 Bg2 109. Bg3 Bh1 110. Ka5 Bg2 111. Kb6 Bh1
112. Be5 Bg2 113. a7 Bh1 114. Bb8 Bg2 115. Bh2 Bh1 116. Bg1 Bg2 117. Bf2 Bh1
118. Bg3 Bg2 119. Bf4 Bh1 120. Be3 Bg2 121. Bd4 Bh1 122. Be5 Bg2 123. Bd6 Bh1
124. Bc5 Bg2 125. Bd6 Bh1 126. Bc7 Bg2 127. Bd6 1/2-1/2